000 01104nam0a22002291 4500
001 rc\497786
005 20260407092518.0
035 _a(NLR Aleph) 005739116
090 _a4719084
_c4719084
100 _a20030616d1988 |||y0rusy50 ca
101 0 _arus
102 _aRU
105 _ay |||||||||
200 1 _aРЕКОМЕНДАЦИИ по совершенствованию деятельности проектно-технологических бюро государственных производственных объединений автомобильного транспорта
_fМ-во автомоб. трансп. РСФСР, Центр. проект.-технол. бюро по внедрению новой техники и н.-и. работ в автомоб. трансп. (Центравтотех)
210 _aМ.
_cБ. и.
_d1988
215 _a107 с.
_d20
712 0 2 _a"Центроргавтотех", бюро
_cМосква
_9312564
_3RU\NLR\AUTH\8819600
801 0 _aRU
_bNLR
_gpsbo
801 1 _aRU
_bELAR
_2rusmarc
852 _aNLR
_j89-3/637
942 _cBOOK
980 _aNB